| 000 | 00424nam a22001457a 4500 | ||
|---|---|---|---|
| 082 |
_a343.0968 _bMAN |
||
| 100 | _aMandaraka-Sheppard, Aleka | ||
| 245 |
_aModern Maritime Law (Volume 1): _bJurisdiction and Risks _c Aleka Mandaraka-Sheppard |
||
| 250 | _a3rd Edition. | ||
| 260 |
_aNew York : _bRoutledge, _c2024. |
||
| 300 | _a379 p. | ||
| 563 | _aPB. | ||
| 650 |
_aLaw, Maritime Law _9128433 |
||
| 942 |
_2ddc _cBK |
||
| 999 |
_c613398 _d613398 |
||